=LDR 00000nam 2200000 4500 =001 INLIS000000000040281 =005 20130612145842 =008 ***********************************ind** =035 ##$$0010-061300000040281 =041 ##$$a ind =082 ##$$a 398.245 =100 ##$$a sompie, Efie S =245 ##$$a kumpulan fabel terkenal sedunia:fabel dari china =300 ##$$a 310 hlm =850 ##$$a NBPNMAT